Statistics for US States with the Most Electoral College Votes in 1872

Click here to take the quiz!

General Stats

  • This quiz has been taken 99 times
  • The average score is 20 of 21

Answer Stats

# of VotesAnswer% Correct
35New York
100%
11Georgia
99%
29Pennsylvania
99%
11Virginia
99%
21Illinois
96%
11Michigan
95%
22Ohio
95%
8Texas
95%
13Massachusetts
94%
10North Carolina
94%
15Indiana
93%
12Tennessee
93%
10Alabama
92%
9New Jersey
92%
8Mississippi
90%
12Kentucky
89%
8Louisiana
89%
8Maryland
89%
10Wisconsin
89%
15Missouri
88%
11Iowa
82%

Score Distribution

Percentile by Number Answered

Percent of People with Each Score

Your Score History

You have not taken this quiz